00484nam a2200193 a 4500001001300000003000900013005001700022008004100039020001000080082001500090100002000105245002900125260004500154300000900199500003500208505001000243650001700253700002000270nice12345678IN_TiNIC20260116012205.0050524s1954 lona grp 000 0 eng  ac10000a220.1bPAR aParmelee, Alice aGuide Book to the Bible. aLondonbEnglish Universities Pressc1954 a184p aincludes index and biblioraphy2 aIndex aBible-Origin1 aParmelee, Alice